00818cam a2200229 a 450000100100000000500170001000800410002704000290006804200120009708200190010910000290012824500750015726000460023230000200027865000290029865000420032770000370036991000330040604900090043995201230044899900170057100001833320200929165447.0770208s1966 ag 000 p spa d aDO-SdBNPbspacLCdBNPHU apremarc aA861.44bC216p1 aCandegabe, Nelly.93971213aLa piel distante /cNelly Candegabe ; ilustraciones Elbio Fernández. aBuenos Aires :bIsmael B. Colombo,c1966. a59 p. ;c21 cm. 4aPoesía argentina93859 4aLiteratura argentinaySIGLO XX9147111 aFernández, Elbio,eill.939713 aCatalogación derivada / LC aBNGR 001052708MOaGRbGRcCTd2010-04-29iLF1l0oA861.44 C216pp18333-10r2020-06-25w2020-06-25y2ZPréstamo interno c17854d17854